书目信息 |
| 题名: |
建筑电气控制技术
|
|
| 作者: | 胡国文 … 等 编著 | |
| 分册: | ||
| 出版信息: | 北京 中国建筑工业出版社 2015.06 |
|
| 页数: | 272页 | |
| 开本: | 28cm | |
| 丛书名: | ||
| 单 册: | ||
| 中图分类: | TU85 | |
| 科图分类: | ||
| 主题词: | 房屋建筑设备:机电设备 | |
| 电子资源: | ||
| ISBN: | 7-112-18254-9 | |
| 000 | 00623nam0 2200193 450 | |
| 001 | 1640118523 | |
| 005 | 20160914110948.35 | |
| 010 | @a7-112-18254-9@dCNY34.00 | |
| 100 | @a20160914d2015 km y0chiy0120 ea | |
| 101 | 0 | @achi |
| 102 | @aCN@b110000 | |
| 200 | 1 | @a建筑电气控制技术@Ajian zhu dian qi kong zhi ji shu@f胡国文 … [等] 编著@Fhu guo wen…[deng]bian zhu |
| 210 | @a北京@c中国建筑工业出版社@d2015.06 | |
| 215 | @a272页@d28cm | |
| 606 | 0 | @a房屋建筑设备:机电设备 |
| 690 | @aTU85@v4 | |
| 701 | 0 | @a胡国文 … 等@Ahu guo wen…deng@4编著 |
| 801 | 0 | @aCN@b大连网信软件有限公司图书馆·11@c20160914 |
| 905 | @aZUCC@dTU85@eH467 | |
| 建筑电气控制技术/胡国文 … [等] 编著.-北京:中国建筑工业出版社,2015.06 |
| 272页;28cm |
| ISBN 7-112-18254-9:CNY34.00 |
| ● |
| 相关链接 |
|
|
|
正题名:建筑电气控制技术
索取号:TU85/H467
 
预约/预借
| 序号 | 登录号 | 条形码 | 馆藏地/架位号 | 状态 | 备注 |
| 1 | 1238545 | 212385453 | 土木与交通工程学院资料室/101建筑库 79排1列4层/ [索取号:TU85/H467] | 在馆 |